| 000 | 00000nas 2200000za 4500 |
| 001 | 9.503184 |
| 003 | CaOODSP |
| 005 | 20231005130118 |
| 007 | cr ||||||||||| |
| 008 | 150406d20012006xxc|| p o||||f| |0fre|d |
| 022 | |a1704-1732 |
| 040 | |aCaOODSP|bfre |
| 043 | |an-cn--- |
| 086 | 1 |aM141-7F-PDF |
| 245 | 00|aL'état de l'efficacité énergétique au Canada : |bOffice de l'efficacité énergétique, rapport. |
| 246 | 1 |aÉtat de l'éfficacité énergétique au Canada |
| 264 | 1|aOttawa, Ontario : |bRessources naturelles Canada |
| 310 | |aAnnuel |
| 362 | 1 |aParaît depuis [2001?]; ne paraît plus après 2006. |
| 691 | 07|aConservation de l'énergie|2gcpds |
| 691 | 07|aRendement énergétique|2gcpds |
| 710 | 1 |aCanada.|bRessources naturelles Canada. |bOffice de l'efficacité énergétique, |eorganisme de publication. |
| 775 | 08|tThe state of energy efficiency in Canada : |w(CaOODSP)9.506789 |